000 03147nam a2200325 4500
003 OSt
005 20240729170034.0
008 240626s2021 mx ad||fom||| 001 0 spa d
040 _erda
100 1 _9189275
_aCando Narváez, Areli
245 1 0 _aDeterminación del nivel de reutilización del arroz bajo condiciones de fermentación sólida para la producción de conidios de Metarhizium robertsii xoch- 8.1 y Trichoderma asperellum Th- Th4 ( 3 ) en ciclos sucesivos de producción /
_cpor Areli Cando Narváez; director Oscar Morales Galván; secretario Octavio Loera Corral; vocal Jazmin Edith Méndez Hernández; suplente José Ulises García Romero; suplente José Manuel Cambrón Crisantos
264 1 _aChapingo, México :
_bEl autor,
_c2021.
300 _a1 recurso en línea (43 páginas):
_bIlustraciones. cuadros. gráficas, tablas
336 _2rdacontent
_atexto
_btxt
337 _2rdamedia
_acomputadora
_bc
338 _2rdacarrier
_arecurso en línea
_bcr
502 _bIAEPA
_cParasitología
_d2021.
_gLIC
504 _aIncluye referencias bibliográficas: páginas 38-43
520 _aEn la actualidad, es fundamental producir bioplaguicidas baratos y de buena calidad para competir con los productos existentes en el mercado, principalmente con productos químicos. Por ello, el objetivo de este trabajo fue determinar la factibilidad de reutilizar el arroz que se genera al final de un ciclo de producción de conidios de Trichoderma asperellum Th-Th4 (3) y Metarhizium robertsii Xoch-8.1, en sucesivos ciclos de producción, utilizando arroz como sustrato / soporte. En el caso de T. asperellum Th-Th4 (3), se realizaron tres ciclos de producción en 8 días, es decir, se logró reutilizar dos veces el sustrato y se tuvo una producción total acumulada de 5.0 x 109 con / gssi. En tanto, en el caso de M. robertsii Xoch-8.1, se lograron cuatro ciclos de producción en un período de 28 días, reutilizando tres veces el sustrato, y se reportó una producción acumulada de 4.0 x 10 9 con / gssi. Asimismo, la productividad más alta fue de 1.4 x 10 9 y 2.3 x 108 con/gssi ۔d reportada en los ciclos 2 y 3, respectivamente. Por otro lado, se estimó el porcentaje de viabilidad de los conidios después de cada ciclo de producción y ambos hongos estuvieron por encima del 50% en todos los casos. Con base en los resultados, se propone que la reutilización del arroz es una técnica fácil de adoptar, que mantiene la calidad de los conidios y reduce los costos de producción
650 4 _97680
_aArroz como sustrato
650 4 _927580
_aControl biológico de hongos
650 7 _9188625
_aHongos entomopatógenos
_xAprovechamiento
700 1 _978271
_aMorales Galván, Oscar
_edirector
700 1 _9189277
_aLoera Corral, Octavio
_esecretario
700 1 _9189278
_aMéndez Hernández, Jazmin Edith
_evocal
700 1 _946550
_aGarcía Romero, José Ulises
_esuplente
700 1 _917825
_aCambrón Crisantos, José Manuel
_esuplente
856 _uhttp://10.13.5.2/tesis/tl/2021_PA_Cando_Narvaez_Areli.pdf
_zDESCARGAR PDF
942 _2Clasificación Universidad Autónoma Chapingo
_cTD
999 _c220028
_d220028